|
|
|
|
| LEADER |
00000caa a2200000 c 4500 |
| 001 |
1525791206 |
| 003 |
DE-627 |
| 005 |
20250825132642.0 |
| 007 |
tu |
| 008 |
160223s2002 xx ||||| 00| ||ger c |
| 020 |
|
|
|a 9783322803771
|
| 035 |
|
|
|a (DE-627)1525791206
|
| 035 |
|
|
|a (DE-576)455791201
|
| 035 |
|
|
|a (DE-599)BSZ455791201
|
| 040 |
|
|
|a DE-627
|b ger
|c DE-627
|e rakwb
|
| 041 |
|
|
|a ger
|
| 084 |
|
|
|a 0
|2 ssgn
|
| 084 |
|
|
|a 1
|2 ssgn
|
| 100 |
1 |
|
|a Krech, Volkhard
|d 1962-
|0 (DE-588)123786959
|0 (DE-627)08276705X
|0 (DE-576)173262295
|4 aut
|
| 109 |
|
|
|a Krech, Volkhard 1962-
|a Krech, Volkhart 1962-
|
| 245 |
1 |
0 |
|a Opfer und Heiliger Krieg
|b Gewalt aus religionswissenschaftlicher Sicht
|c Volkhard Krech
|
| 264 |
|
1 |
|c 2002
|
| 336 |
|
|
|a Text
|b txt
|2 rdacontent
|
| 337 |
|
|
|a ohne Hilfsmittel zu benutzen
|b n
|2 rdamedia
|
| 338 |
|
|
|a Band
|b nc
|2 rdacarrier
|
| 650 |
|
4 |
|a Gewalt
|
| 650 |
|
4 |
|a Religion
|
| 650 |
|
4 |
|a Heiliger Krieg
|
| 650 |
|
4 |
|a Opfer
|
| 650 |
|
4 |
|a Handbuchauszug
|
| 650 |
|
4 |
|a Literaturverzeichnis/Bibliographie
|
| 650 |
|
4 |
|a Violence
|
| 650 |
|
4 |
|a Religion
|
| 650 |
|
4 |
|a Holy War
|
| 650 |
|
4 |
|a Sacrifice
|
| 650 |
|
4 |
|a extract from manual
|
| 650 |
|
4 |
|a Bibliography
|
| 689 |
0 |
0 |
|d p
|0 (DE-588)118539507
|0 (DE-627)079338933
|0 (DE-576)161119867
|a Girard, René
|d 1923-2015
|2 gnd
|
| 689 |
0 |
|
|5 (DE-627)
|
| 773 |
0 |
8 |
|i In
|t Internationales Handbuch der Gewaltforschung
|b 1. Aufl.
|d Wiesbaden : Westdt. Verlag, 2002
|g (2002), Seite 1255-1275
|h 1583 S.
|w (DE-627)333954238
|w (DE-576)095645861
|z 9783322803771
|z 3531135007
|7 nnam
|
| 773 |
1 |
8 |
|g year:2002
|g pages:1255-1275
|
| 889 |
|
|
|w (DE-627)476109515
|
| 935 |
|
|
|a mkri
|a GIRA
|
| 935 |
|
|
|i mdedup
|
| 951 |
|
|
|a AR
|
| ELC |
|
|
|b 1
|
| LOK |
|
|
|0 000 xxxxxcx a22 zn 4500
|
| LOK |
|
|
|0 001 2899239686
|
| LOK |
|
|
|0 003 DE-627
|
| LOK |
|
|
|0 004 1525791206
|
| LOK |
|
|
|0 005 20260216140929
|
| LOK |
|
|
|0 008 160208||||||||||||||||ger|||||||
|
| LOK |
|
|
|0 040
|a DE-21-110
|c DE-627
|d DE-21-110
|
| LOK |
|
|
|0 689
|a s
|a Gewaltdiskurs
|
| LOK |
|
|
|0 852
|a DE-21-110
|
| LOK |
|
|
|0 852 1
|m p
|9 00
|
| LOK |
|
|
|0 935
|a k110
|
| LOK |
|
|
|0 938
|k p
|
| LOK |
|
|
|0 939
|a 08-02-16
|b l01
|
| ORI |
|
|
|a WA-MARC-krimdoka001.raw
|